000 00696nam a2200229Ia 4500
005 20250425162833.0
008 250425s9999 xx 000 0 und d
020 _a9788416504695
041 _aspa
082 _a745.54
_pTRE
100 _aTrebbi, Jean-Charles
245 0 _aEl arte del plegado vol.2
_bNuevas tendencias, técnicas y materiales
_cJean-Charles Trebbi, Chloe Genevaux, Guillaume Bounoure
260 _aBarcelona
_bPromopress
_c2017
300 _a175 páginas
650 _aDiseño con papel-técnicas
650 _aDiseño gráfico-papel
650 _aPlegado de papel
700 _aBounoure, Guillaume
700 _aGenevaux, Chloé
942 _c01
010 _a112287
999 _c237455
_d237455